Campeonato Italiano de Futebol - Equipes que ganharam até 14/15 - Statistics

Estatísticas Gerais
  • Esse quiz foi jogado 941 vezes
  • A pontuação média é 10 de 16
Estatísticas das Respostas
Títulos Letra Inicial Clube % Correto
31 J JUVENTUS
100%
18 M MILAN
100%
18 I INTERNAZIONALE
99%
2 N NAPOLI
84%
3 R ROMA
83%
2 L LAZIO
81%
2 F FIORENTINA
80%
9 G GENOA
78%
7 T TORINO
72%
7 B BOLOGNA
69%
1 S SAMPDORIA
50%
1 V VERONA
49%
1 C CAGLIARI
47%
7 P PRO VERCELLI
26%
1 C CASALE
14%
1 N NOVESE
14%
Nenhum quiz correspondente encontrado
Distribuição das Pontuações
Porcentagem de Pessoas com Cada Pontuação
Percentil de Números Respondidos
Sua Pontuação Histórica
Você não jogou esse quiz